Statistics for SAT Words HARD Click Quiz - F #2

Click here to take the quiz!

General Stats

  • This quiz has been taken 86 times
  • The average score is 9 of 15

Answer Stats

HintAnswer% Correct
Ant poison; chemical that kills antsFormicide
91%
Not showing due respect or seriousnessFlippant
86%
Rapid and continuous discharge of firearmsFusillade
86%
Based on mistaken beliefFallacious
79%
Foul-smelling, muddiedFeculent
75%
Causing coldness; chillingFrigorific
74%
Wild, untamedFerine
67%
Jeer, mock, floutFleer
65%
Shrine that holds saintly relicsFeretory
58%
Tending to break up or to divideFissiparous
56%
Ornamental feature on top of an objectFinial
47%
Shockingly wicked or brutalFlagitious
44%
Exhausted or worn out from exertionFordone
32%
Lazy, indolent; idlerFainéant
30%
State of irritability or nervousnessFantod
9%

Score Distribution

Percentile by Number Answered

Percent of People with Each Score

Your Score History

You have not taken this quiz